| 000 | 00570nam a2200193 i 4500 | ||
|---|---|---|---|
| 001 | 112907 | ||
| 003 | ES-MaACL | ||
| 005 | 20230906185708.0 | ||
| 007 | t| | ||
| 008 | 061121s1970 sp r ||||1| spa d | ||
| 100 | 1 |
_aMurube del Castillo, Juan. _984660 |
|
| 245 | 1 | 0 |
_aOftalmologĂa : _bFacultativos Seguro Social de Enfermedad / _cMurube del Castillo. |
| 260 |
_aMadrid : _bPons, _c1970. |
||
| 300 |
_a3 v. ; _c31 cm. |
||
| 490 | 1 | _aContestaciones Pons | |
| 830 | 0 |
_aContestaciones Pons _9181920 |
|
| 852 |
_aES-MaACL _jC-42165-67 _bR.73176 |
||
| 999 |
_c112907 _d112907 |
||